000 00256nam a2200097Ia 4500
082 _aJ 242.82 KITC
245 0 _aBless this way
100 _a KITCH, Anne E. Harrisburg, Pa., 2003
_992506
942 _cBK
008 210817s9999 xx 000 0 und d
999 _c377188
_d377187